| LEADER |
00823nam0a2200217 450 |
| 001 |
16839634 |
| 010 |
|
|
|a 978-2-38060-021-6
|b broché sous jaq
|d 12
|
| 100 |
|
|
|a 20220311d2022 u u0frey01 ba
|
| 101 |
1 |
|
|a fre
|c jpn
|
| 102 |
|
|
|a FR
|
| 200 |
0 |
|
|a Destination Terra
|f Keiko Takemiya
|g [traduction Guillaume Hesnard]
|
| 205 |
|
|
|a Edition française
|
| 207 |
|
1 |
|a
|
| 210 |
|
|
|c Naban
|d 2022
|
| 215 |
|
|
|a 1 volume (non paginé [environ [320] pages)
|c illustrations, couverture illustrée, jaquette illustrée en couleurs
|d 18 cm
|
| 461 |
|
0 |
|t Destination Terra
|v 3
|
| 700 |
|
0 |
|a Takemiya
|b Keiko
|f 1950-....
|4 70
|
| 701 |
|
0 |
|a Hesnard
|b Guillaume
|f 19..-....
|4 730
|
| 900 |
|
|
|a Bande Dessinée enfant ado
|
| 901 |
|
|
|a Accessible au prêt
|
| 995 |
|
|
|a Bibliothèque
|c Bibliothèque
|f 024022548
|h 024022548
|k BDJ TAK
|o p
|q j
|r az
|e Bibliothèque
|